00999 2200217 4500001002100000005001500021035002000036001002100056005001500077035002000092245018800112100001700300250001700317300002800334260003600362082001000398084001600408020002200424650002000446520031500466INLIS00000000000076220241022072353 a0010-1024000055INLIS00000000000076120241022071727 a0010-10240000541 aJendela IPTEK Ilmu Kedokteran :bKenali temuan, alat, dan teknik yang telah menyelamatkan kehidupan kita dan meningkatkan kesehatan manusia dari dahulu sampai sekarang /cSteve Parker0 aSteve Parker acetakan ke-4 a64 hlm :bIlus ;c24 cm aJakarta :bBalai Pustaka,c2007 a610.3 a610.3 STE j a978-979-666-105-5 4ailmu kedokteran aJendela iptek adalah seri buku panduan visual sangat informatif yang menelusuri kisah ilmu pengetahuan dari masa purbakala sampai saat ini. Jendela iptek menyelidiki semua bidang ilmu pengetahuan, membentuk pustaka acuan yang sangat diperlukan untuk mengetahui lebih banyak tentang keajaiban alam semesta kita.